00858 2200181 4500245004000000020002200040250001100062100001400073700002800087650001700115005001900132260004000151041001400191084001100205300002300216500042800239336000900667 aDago Setalah HujancSkysphirehText a978-623-5953-24-3 aCet. 4 aSkysphire aRegitha Nabilla Shafira aNovel Remaja a20240223110945 aJakartabAkad Media Cakrawalac2023 aIndonesia a808.83 a332 hlm. :c19 cm. aDago pikir keputusannya menikah dengan Mentari setelah semua hal yang terjadi, akan berakhir bahagia seperti apa yang dia dan Mentari impikan. Namun, saat mengetahui fakta jika kesalahan di masa lalunya terlahir seorang putri yang tinggal sebatang kara di panti asuhan membuat Dago hidup di atas rasa bersalahnya. Dago terlena akan kebohongan yang dia mulai sampai tidak menyadari bahwa Mentari terluka karena sandiwaranya. atext